Kraje graniczące z Chinami - Statystyki

Ogólne statystyki
  • Ten quiz został rozwiązany 570 razy
  • Średni wynik to 11 z 14
Statystyki odpowiedzi
Dł. Granicy Kraj % Poprawnych
3645 km Rosja
98%
4677 km Mongolia
94%
3380 km Indie
92%
1416 km Korea Północna
91%
1281 km Wietnam
84%
1533 km Kazachstan
82%
1236 km Nepal
80%
423 km Laos
75%
523 km Pakistan
75%
858 km Kirgistan
73%
414 km Tadżykistan
72%
76 km Afganistan
68%
470 km Bhutan
68%
2185 km Mjanma( Birma)
67%
Nie znaleziono quizów pasujących do podanych kryteriów
Rozkład punktacji
Procent ludzi z każdym wynikiem
Percentyl według liczby udzielonych odpowiedzi
Twoja historia wyników
Nie rozwiązałeś tego quizu